BIBLIOTECA “JULIO CORTÁZAR”
ESCUELA AGROTÉCNICA “LIBERTADOR GENERAL SAN MARTÍN” - UNR – CASILDA

Logo Escuela Logo UNR

Clásicos de Misterio 1 : (Record no. 2237)

MARC details
000 -LEADER
campo de control de longitud fija 01032nam#a22003375a#4500
001 - NÚMERO DE CONTROL
campo de control 2237
008 - DATOS DE LONGITUD FIJA--INFORMACIÓN GENERAL
campo de control de longitud fija 140326s2013####ag############000#0#und#d
020 ## - NÚMERO INTERNACIONAL ESTÁNDAR DEL LIBRO
Número Internacional Estándar del Libro 9789501112795
080 ## - NÚMERO DE LA CLASIFICACIÓN DECIMAL UNIVERSAL
Número de la Clasificación Decimal Universal 82-344
084 ## - OTRO NÚMERO DE CLASIFICACIÓN
Número de clasificación C59
040 ## - FUENTE DE CATALOGACIÓN
Centro catalogador/agencia de origen AR-ClEAG
Centro/agencia transcriptor AR-ClEAG
005 - FECHA Y HORA DE LA ÚLTIMA TRANSACCIÓN
campo de control 20241107184738.0
003 - IDENTIFICADOR DE NÚMERO DE CONTROL
campo de control AR-ClEAG
100 1# - ENTRADA PRINCIPAL--NOMBRE DE PERSONA
Nombre de persona Birce, Ambroce.
245 10 - MENCIÓN DEL TÍTULO
Título Clásicos de Misterio 1 :
Resto del título Juveniles /
Mención de responsabilidad, etc. Ambrose Birce...et.al.
250 ## - MENCION DE EDICION
Mención de edición 1ª ed.
260 ## - PUBLICACIÓN, DISTRIBUCIÓN, ETC.
Lugar de publicación, distribución, etc. Buenos Aires :
Nombre del editor, distribuidor, etc. Sigmar,
Fecha de publicación, distribución, etc. 2013.
300 ## - DESCRIPCIÓN FÍSICA
Extensión 72 p. ;
Dimensiones 21 cm.
490 0# - MENCIÓN DE SERIE
Mención de serie Clásicos juveniles
505 0# - NOTA DE CONTENIDO CON FORMATO
Título El hombre y la víbora
Mención de responsabilidad Bierce, Ambrose
505 0# - NOTA DE CONTENIDO CON FORMATO
Título Narración sobre el fantasma de una mano
Mención de responsabilidad Le Fanu, Sheridan
505 0# - NOTA DE CONTENIDO CON FORMATO
Título El Monte de las Ánimas
Mención de responsabilidad Béquer, G.A.
505 0# - NOTA DE CONTENIDO CON FORMATO
Título El huésped ambibioso
Mención de responsabilidad Hawthone, Nathaniel
505 0# - NOTA DE CONTENIDO CON FORMATO
Título El corazón delator
Mención de responsabilidad Poe, Edgar Allan
653 ## - TÉRMINO DE INDIZACIÓN--NO CONTROLADO
Término no controlado Literatura Infantil y Juvenil
700 1# - ENTRADA AGREGADA--NOMBRE PERSONAL
Nombre de persona Le Fanu, Sheridan.
700 1# - ENTRADA AGREGADA--NOMBRE PERSONAL
Nombre de persona Béquer, G.A.
700 1# - ENTRADA AGREGADA--NOMBRE PERSONAL
Nombre de persona Hawthone, Nathaniel.
700 1# - ENTRADA AGREGADA--NOMBRE PERSONAL
Nombre de persona Poe, Edgar Allan.
942 ## - ELEMENTOS DE ENTRADA SECUNDARIOS (KOHA)
Tipo de ítem Koha Libros
980 ## - EQUIVALENCIA O REFERENCIA-CRUZADA-MENCIÓN DE SERIE--NOMBRE DE PERSONA/TÍTULO [LOCAL, CANADÁ]
Enlace 2
Nombre de persona Evangelina Gallicchio
Enlace entre campo y número de secuencia 2
Información miscelánea Evangelina Gallicchio
Holdings
Estatus retirado Estado de pérdida Fuente del sistema de clasificación o colocación Estado de daño No para préstamo Biblioteca de origen Biblioteca actual Ubicación en estantería Fecha de adquisición Número de inventario Total de préstamos Signatura topográfica completa Código de barras Visto por última vez Precio de reemplazo Tipo de ítem Koha
    Clasificación decimal universal     Julio Cortázar Julio Cortázar   07/11/2024 4188   R20 82-344 C59 Ej.1 4188 07/11/2024 07/11/2024 Libros

Contacto

Biblioteca Julio Cortázar. Escuela Agrotécnica "Libertador San Martín". Universidad Nacional de Rosario
Dirección: Ov. Lagos 1000 - 2170 Casilda - Santa Fe - Argentina
Tel: (54) (03464) 422226.
Fax: (54) (03464) 427789.
E-Mail: biblio-eac@unr.edu.ar